000 00557nam a22001817a 4500
005 20240816160733.0
010 _aENG-141124
020 _a9788178246673
_c695.00
035 _aEN-124656
037 _bDBAD
082 _a330.0954
100 _aPulapre Balakrishnan
_970141
245 _aIndia's Economy from Nehru to Modi ;
_cPulapre Balakrishnan
260 _aRanikhet
_bPermanent Black
_c2022
270 _a'Himalayana' Mall Road ,Ranikhet Cantt,
_bRanikhet
_e263645
300 _a260 P.
_c22 cm
942 _2ddc
_cEN
_h330.0954
_mNAN
999 _c204788
_d204788